Die größten Epidemien & Pandemien der Welt - Statistiken

Allgemein
  • Dieses Quiz wurde 81 mal gespielt
  • Das Durchschnittsergebnis liegt bei 16 aus 44
Antwortstatistiken
Zeitraum Gebiet Übertragung ca. Tote Epidemie / Pandemie % Korrekt
seit 2019 weltweit Menschen(Tröpfcheninfekt.) 7 Mio. COVID - 19 / SARS - CoV - 2 /Coronavirus
97%
1346 - 1353 Europa,Afrika & Asien Nagetiere / Ratten(Bakterium) 25 Mio. Pest / Der schwarze Tod
96%
1665 - 1666 England Nagetiere / Ratten(Bakterium) 100 Tsd. Pest / Der schwarze Tod
96%
1678 - 1679 Wien Nagetiere / Ratten(Bakterium) 12 Tsd. Pest / Der schwarze Tod
96%
1910 - 1911 China Nagetiere / Ratten(Bakterium) 80 Tsd. Pest /Der schwarze Tod
96%
seit 2008 Madagaskar Nagetiere / Ratten(Bakterium) 600 Pest /Der schwarze Tod
96%
1918 - 1920 weltweit Menschen(Tröpfcheninfekt.) 70 Mio. Spanische Grippe / A H1N1
70%
2014 - 2016 Westafrika infiz. Wildtiere & Gegenstände,Menschen, Buschfleisch 11 Tsd. Ebola
67%
seit 2018 Kongo,Uganda infiz. Wildtiere & Gegenstände,Menschen, Buschfleisch 2 Tsd. Ebola
67%
seit 1980 weltweit Menschen (Blut, Sperma, Vaginalsekret & Muttermilch) jährl. 770 Tsd. HIV / AIDS
67%
2009 - 2010 weltweit Menschen(Tröpfcheninfekt.) 203 Tsd. Schweinegrippe / A H1N1
63%
2004 - 2016 weltweit Blut von infiz. Tieren 455 Vogelgrippe / H5N1
52%
1892 Hamburg verunr. Trinkwasser& Lebensmittel 9 Tsd. Cholera
48%
seit 2010 Haiti verunr. Trinkwasser& Lebensmittel 9 Tsd. Cholera
48%
seit 2016 Jemen verunr. Trinkwasser& Lebensmittel 3 Tsd. Cholera
48%
seit 1961 weltweit verunr. Trinkwasser& Lebensmittel unbekannt Cholera / El Tor
48%
1519 - 1520 Mexiko Menschen(Tröpfcheninfekt.) 8 Mio. Pocken/ Blattern
40%
1775 - 1778 Nordamerika Menschen(Tröpfcheninfekt.) 11 Tsd. Pocken/ Blattern
40%
1862 Nordamerika Menschen(Tröpfcheninfekt.) 14 Tsd. Pocken /Blattern
40%
seit 2019 Kongo Menschen (dir. Kontakt & Tröpfcheninfekt.) 6 Tsd. Masern
36%
1984 - 2011 weltweit Verzehr von infiz. Fleisch 177 BSE / Rinderwahn
33%
2002 - 2003 weltweit Menschen(Tröpfcheninfekt.) 775 SARS
22%
seit 2017 Sri Lanka Gelbfiebermücke & asiat.Tigermücke 300 Dengue - Fieber
21%
1899 Südafrika verunr. Trinkwasser& Nahrungsmittel 9 Tsd. Typhus
18%
2000 Kanada Verzehr von infiz. rohemFleisch & Milch 2 Tsd. EHEC
15%
2011 Deutschland Verzehr von infiz. rohemFleisch & Milch 53 EHEC
15%
2017 - 2018 weltweit Menschen(Tröpfcheninfekt.) 650 Tsd. Virusgrippe / A H1N1 /B Yam
15%
1995 - 1996 weltweit Menschen(Tröpfcheninfekt.) 30 Tsd. + Virusgrippe
13%
2004 - 2005 weltweit Menschen(Tröpfcheninfekt.) 20 Tsd. + Virusgrippe
13%
seit 2015 Brasilien &Südamerika Stechmücken & sex. Kontakte unbekannt Zika - Virus
12%
1998 - 2000 Kongo Menschen(Körperflüssigkeiten) 123 Marburgfeber
10%
1967 Deutschland Menschen(Körperflüssigkeiten) 7 Marburgfieber
10%
seit 2004 Angola &Uganda Menschen(Körperflüssigkeiten) 212 Marburgfieber
10%
1812 - 1814 Deutschland Flöhe, Milben,Zecken & Läuse 20 Tsd. Fleckfieber/ Kriegspest / Läusetyphus
7%
1918 - 1922 Russland Flöhe, Milben,Zecken & Läuse 2,5 Mio. Fleckfieber/ Kriegspest / Läusetyphus
7%
1968 - 1970 weltweit Menschen(Tröpfcheninfekt.) 1 Mio. Hongkong - Grippe / A H3N2
7%
seit 2012 Arab.Halbinsel Fledermäuse, Dromedare &Menschen 850 MERS - CoV
7%
1979 Russland Unfall bei Herstellungbiol. Waffen 100 Milzbrand / Anthrax
6%
1545 - 1546 Mexiko Bakterium 800 Tsd. Cocolitztli
4%
1576 - 1578 Mexiko Bakterium 2 Mio. Cocolitztli
4%
seit 1969 Westafrika Mäuse /Ratten(Kot auf Lebensmittel) jährl. 4 Tsd. Lassafieber
4%
1957 - 1958 weltweit Menschen(Tröpfcheninfekt.) 2 Mio. Asiatische Grippe / A H2N2
3%
seit 1909 Mittel-&Südamerika Raubwanzen jährl. 15 Tsd. Chagas - Krankheit
1%
seit 2014 Mittel- &Südamerika, Karibik Stechmücken 138 Chikungunya - Fieber
1%
Keine übereinstimmenden Quizze gefunden
Verteilung der Resultate
Anzahl Personen mit jedem Resultat
Perzentil nach korrekt beantworteten Fragen
Ihre Resultats-Entwicklung
Sie haben dieses Quiz noch nicht gespielt